Sociologie des classes populaires : Domaines et approches (notice n° 1925038)
[ vue normale ]
| 000 -LEADER | |
|---|---|
| fixed length control field | 01285cam a2200145 4500500 |
| 005 - DATE AND TIME OF LATEST TRANSACTION | |
| control field | 20260329023137.0 |
| 041 ## - LANGUAGE CODE | |
| Language code of text/sound track or separate title | fre |
| 042 ## - AUTHENTICATION CODE | |
| Authentication code | dc |
| 100 10 - MAIN ENTRY--PERSONAL NAME | |
| Personal name | Alonzo, Philippe |
| Relator term | author |
| 245 00 - TITLE STATEMENT | |
| Title | Sociologie des classes populaires : Domaines et approches |
| 260 ## - PUBLICATION, DISTRIBUTION, ETC. | |
| Name of publisher, distributor, etc. | Armand Colin,<br/> |
| Date of publication, distribution, etc. | 2010.<br/> |
| 520 ## - SUMMARY, ETC. | |
| Summary, etc. | « Démunis » , « exclus » , « nouveaux pauvres »… À l’heure où les conséquences économiques et sociales de la crise financière fragilisent ceux qu’un ministre avait un temps désignés comme « La France d’en bas », Philippe Alonzo et Cédric Hugrée reviennent sur les travaux et enquêtes sociologiques qui ont forgé la catégorie de « classes populaires » et en ont fait un outil pour décrire et comprendre le monde social.Cet ouvrage retrace tout d’abord les débats sociologiques liés à la définition du « populaire ». Il revient ensuite sur les approches et les enquêtes qui ont analysé les transformations et permanences de ces milieux sociaux : depuis leurs rapports au politique, en passant par le travail et l’emploi, sans oublier leurs styles de vie et l’école. |
| 700 10 - ADDED ENTRY--PERSONAL NAME | |
| Personal name | Hugrée, Cédric |
| Relator term | author |
| 856 41 - ELECTRONIC LOCATION AND ACCESS | |
| Uniform Resource Identifier | <a href="https://shs.cairn.info/sociologie-des-classes-populaires--9782200352738?lang=fr&redirect-ssocas=7080">https://shs.cairn.info/sociologie-des-classes-populaires--9782200352738?lang=fr&redirect-ssocas=7080</a> |
Pas d'exemplaire disponible.




Réseaux sociaux